书目信息 |
| 题名: |
左岸纯情 右岸媚色
|
|
| 作者: | 青山妩媚 著 | |
| 分册: | ||
| 出版信息: | 北京 朝华出版社 2008.01 |
|
| 页数: | 283页 | |
| 开本: | 24cm | |
| 丛书名: | ||
| 单 册: | ||
| 中图分类: | I247.5 | |
| 科图分类: | ||
| 主题词: | 长篇小说--中国--当代 | |
| 电子资源: | ||
| ISBN: | 978-7-5054-1817-2 | |
| 000 | 00633nam0 2200205 450 | |
| 001 | 1164391109 | |
| 005 | 20111224175450.06 | |
| 010 | @a978-7-5054-1817-2@dCNY25.00 | |
| 100 | @a20111224d2008 km y0chiy0120 ea | |
| 101 | 0 | @achi |
| 102 | @aCN@b110000 | |
| 105 | @ay z 000ay | |
| 200 | 1 | @a左岸纯情 右岸媚色@Azuo an chun qing you an mei se@f青山妩媚著@Fqing shan wu mei zhu |
| 210 | @a北京@c朝华出版社@d2008.01 | |
| 215 | @a283页@d24cm | |
| 606 | 0 | @a长篇小说@y中国@z当代 |
| 690 | @aI247.5@v4 | |
| 701 | 0 | @a青山妩媚@Aqing shan wu mei@4著 |
| 801 | 0 | @aCN@b大连网信软件有限公司图书馆·11@c20111224 |
| 905 | @aZUCC@dI247.5@eQ5352@f5 | |
| 左岸纯情 右岸媚色/青山妩媚著.-北京:朝华出版社,2008.01 |
| 283页;24cm |
| ISBN 978-7-5054-1817-2:CNY25.00 |
| ● |
| 相关链接 |
|
|
|
正题名:左岸纯情 右岸媚色
索取号:I247.5/Q5352
 
预约/预借
| 序号 | 登录号 | 条形码 | 馆藏地/架位号 | 状态 | 备注 |
| 1 | 1066374 | 210663744 | 文学库108/108文学库 35排4列3层/ [索取号:I247.5/Q5352] | 在馆 | |
| 2 | 1066375 | 210663753 | 文学库108/108文学库 35排4列3层/ [索取号:I247.5/Q5352] | 在馆 | |
| 3 | 1066376 | 210663762 | 文学库108/400B社科库 30排2列1层/ [索取号:I247.5/Q5352] | 在馆 | |
| 4 | 1066377 | 210663771 | 文学库108/108文学库 35排4列3层/ [索取号:I247.5/Q5352] | 在馆 | |
| 5 | 1066378 | 210663780 | 文学库108/108文学库 35排4列3层/ [索取号:I247.5/Q5352] | 在馆 |